MDQL
is popping MORE tags! Check the
thread
!
Quizzes
Events
Quiz Creation
Community
Videos
Private Events
Remove Ads
Sign In
Join for FREE
Feedback
Dark Mode
Quiz Categories
Sports
Geography
Music
Movies
Television
Just For Fun
Miscellaneous
History
Literature
Language
Science
Gaming
Entertainment
Religion
Holiday
For Kids
Quiz Lab
Recent
Popular Today
Quiz Kudos Today
Editor Picks
Curator Picks
Quizzes by...
Day
Popularity
Type
Ratings
Length
Year
Community
Subscriptions
Recent Discussions
Orange Saloon
Badges
Playlists
Quests
Create
Leaderboards
Showdown
Live 5
Trivia Bingo
Activity
Puzzle Library
Sporcle Events
Private Events
Virtual Trivia
Globe League
Become a Host
Pub Owners
SporcleCon
Opinionation
Our Games
Videos
Blog
Mobile Apps
Partnerships
Remove Ads and Go Orange
Feedback
History
US Presidents
World Leaders
Politics
Nation
Discovery
War
Decade
Year
Century
Biography
Art
History
US Presidents
World Leaders
Politics
Nation
Discovery
War
Decade
Year
Century
Biography
Art
Random Quiz
Search Sporcle
×
Quiz Lab
Quiz Lab
History
State
Type in answers that appear in a list
Type in answers that appear in a list
Classic
Best Score? Go Orange.
Leaders of European Communist States Stats
Can you name the leaders of the historical European communist states?
By
karogh
12m
43 Questions
484 Plays
484 Plays
484 Plays
Comments
Comments
Give Quiz Kudos
Give Quiz Kudos
-
- Ratings
hide this ad
Replay
Link that replays current quiz
Next Quiz
Link to next quiz in quiz playlist
You Got
0%
They Got
Avg Score
34%
Avg Friend Score
Upgrade to see
Score Distribution
Jump to the score distribution portion of the page
Score
0/43
Timer
12:00
0
Plays Today
Country
Leader
% Correct
Russia
Vladimir Lenin
99.2%
Soviet Union
Vladimir Lenin
99.2%
Soviet Union
Joseph Stalin
98.8%
Soviet Union
Mikhail Gorbachev
89.5%
Yugoslavia
Josip Broz Tito
86.6%
Soviet Union
Leonid Brezhnev
79.5%
Soviet Union
Yury Andropov
72.9%
Soviet Union
Nikita Khrushchev
69.4%
Soviet Union
Konstantin Chernenko
61.8%
Albania
Enver Hoxha
61.2%
Romania
Nicolae Ceauşescu
52.5%
East Germany
Erich Honecker
49%
Soviet Union
Georgy Malenkov
39.5%
East Germany
Walter Ulbricht
37.4%
Hungary
Imre Nagy
35.5%
Czechoslovakia
Alexander Dubček
31.8%
Hungary
János Kádár
31%
Poland
Wojciech Jaruzelski
28.7%
Hungary
Mátyás Rákosi
27.1%
Poland
Władysław Gomułka
26.9%
Hungary
Béla Kun
26.7%
Bulgaria
Todor Zhivkov
26.2%
Country
Leader
% Correct
Czechoslovakia
Gustáv Husák
23.8%
East Germany
Egon Krenz
22.7%
Czechoslovakia
Klement Gottwald
20.7%
Bulgaria
Georgi Dimitrov
18%
Romania
Gheorghe Gheorghiu-Dej
17.6%
Albania
Ramiz Alia
17.1%
Poland
Bolesław Bierut
15.7%
Poland
Edward Gierek
15.7%
Czechoslovakia
Antonín Novotný
14.7%
East Germany
Wilhelm Pieck
12%
Hungary
Ernö Gerö
12%
Poland
Stanisław Kania
8.9%
Yugoslavia
Collective Presidency
8.3%
Czechoslovakia
Milouš Jakeš
8.3%
Hungary
Károly Grósz
7.6%
Bulgaria
Vulko Chervenkov
7.6%
Poland
Edward Ochab
7.4%
Bulgaria
Petur Mladenov
6.8%
Poland
Mieczysław Rakowski
3.5%
Bulgaria
Vasil Kolarov
3.3%
Czechoslovakia
Karel Urbánek
2.9%
Quiz Playlist
Details
Report
Send in Message
Add To Playlist
Classic:
Type in answers that appear in a list
Last Updated: Feb 16, 2017
Quiz Scoreboard
CHALLENGE
Sign Up to Join the Scoreboard
Show All
Scores
Hide
Comments
May contain spoilers
Recently Published
Two Season TV Shows II
by 123Four
Television
10m
Image Sorting: Flags VI
by Barbecue
Geography
2m
Find the 'City' Movie
by crazypaving
Movies
60s
More to Explore
Quiz From the Vault
Featured Blog Post
14 Easter Pick-up Lines to Find Eggs With
hide this ad
You Might Also Like...
Tags
Country Quiz
Europe Quiz
State Quiz
communist
Today's Top Quizzes in History
Browse History
hide this ad
Today's Top Quizzes in State
Browse State
Top Contributed Quizzes in History
1
I Am Born On March 29th
2
Order Up: 1000 Years of World Events I
3
US National Parks Named After People
4
Popular People in 1991
5
Popular People in 1951
6
Popular People in 1941
7
Popular People in 1981
8
Popular People in 1986
9
Popular People in 1921
10
Popular People in 1976
Explore More
Trending Topics
Kpop
Harry Potter
NBA
Crossword
Disney
Anime
Marvel
WWE
Song
The Office
Country
Pokémon
Soccer
NFL
Puzzle
hide this ad
More By:
karogh
Quiz
Plays
Rating
Category
Featured
Created
Invasions of Hungary
2,057
4.11
History
Nov 25, 2009
Leaders of European Communist States
484
5.00
History
Oct 26, 2009
The Fall members
237
3.33
Music
Nov 9, 2009
World leaders in 1815
91
4.50
History
Dec 3, 2009
African leaders in the 70s
73
3.50
History
Feb 11, 2011
Go to Creator's Profile
Score Distribution
Quiz Creator Spotlight
karogh
Follow
Send a Message
Quizzes Created
-
Created Quiz Play Count
-
More By This Creator
Popular Quizzes Today
1
Find the US States - No Outlines Minefield
2
Colored Red Africa Blitz
3
Find the 'City' Movie
4
5x2 Blitz: Bands
5
The Countries of the World
6
Find the Countries of Europe - No Outlines Minefield
7
Find the US States
8
US States
More History Quizzes
Famous Art - African American Artists
Published
Trending Quizzes
Colored Red Europe Blitz I
Colored Red Africa Blitz II
Colored Red Europe Blitz II
Colored Red Africa Blitz III
Even More Two Season TV Shows
Recently Updated
March Madness Men's Triple Doubles
pecheneg
How Do You Spell That?
pecheneg
Godzilla Movies
pecheneg
Grab Bag: 4-10 Letters
pecheneg
2024 March Madness Bracket
pecheneg
Famous TV Couples
Peacemaker
Champions League XIs: Real Madrid
pecheneg
Largest US Cities 1790-2010
pecheneg
Rides in Walt Disney World
pecheneg
Most Oscar Losses (Acting)
pecheneg
Trending Topics
Marvel
Harry Potter
Crossword
Kpop
Disney
NBA
Anime
The Office
Pokémon
Soccer
WWE
NFL
Puzzle
Country
Song
Your Account Isn't Verified!
In order to create a playlist on Sporcle, you need to verify the email address you used during registration. Go to your
Sporcle Settings
to finish the process.
Report this User
Report this user for behavior that violates our
Community Guidelines
.
Details:
Send Report
Go to the Sporcle.com Mobile Site →
Comments